[Event "Washington Open"]
[Site "?"]
[Date "2017.05.28"]
[Round "2"]
[White "Chen, Minda"]
[Black "Olson, Travis J"]
[Result "1/2-1/2"]
[WhiteElo "1747"]
[BlackElo "1936"]
[PlyCount "100"]
[EventDate "2017.??.??"]

1. d4 Nf6 2. c4 g6 3. Nc3 d5 4. cxd5 Nxd5 5. e4 Nxc3 6. bxc3 Bg7 7. Nf3 c5 8.
Bb5+ Bd7 9. Bxd7+ Qxd7 10. O-O cxd4 11. cxd4 Nc6 12. Bb2 Rd8 13. Qc2 O-O 14.
Rad1 Rc8 15. Qb3 Na5 16. Qd3 Nc4 17. Ba1 Rfd8 18. Ne1 Qa4 19. Qe2 e6 20. f4 Rd6
21. Rf3 Ra6 22. Rf2 Rd8 23. Nf3 b5 24. Ne5 Nxe5 25. fxe5 Bxe5 26. Rdf1 Bxd4 27.
Bxd4 Qxd4 28. Kh1 f5 29. exf5 exf5 30. Qxb5 Rad6 31. h3 Rd5 32. Qb3 Kg7 33. Rf3
Qd2 34. Re3 R8d7 35. Rfe1 Kh6 36. R3e2 Qa5 37. Qb8 Qa3 38. Re3 Qxa2 39. Qf8+
Kg5 40. h4+ Kh5 41. g4+ fxg4 42. Re5+ Rxe5 43. Rxe5+ g5 44. Rxg5+ Kxh4 45. Qf2+
Qxf2 46. Rxg4+ Kh3 47. Rg3+ Kh4 48. Rg4+ Kh5 49. Rg5+ Kh6 50. Rg6+ hxg6 1/2-1/2

[Event "Washington Open"]
[Site "Lynnwood, WA"]
[Date "2017.05.28"]
[Round "4"]
[White "Orlov, Georgi"]
[Black "Sang, Tian"]
[Result "1-0"]
[WhiteElo "2528"]
[BlackElo "2363"]
[PlyCount "55"]
[EventDate "2017.05.27"]
[EventType "swiss"]
[EventRounds "6"]
[EventCountry "USA"]

1. Nf3 f5 2. c4 Nf6 3. g3 g6 4. b4 Bg7 5. Bb2 d6 6. d4 O-O 7. Qb3 e6 8. Bg2 Qe7
9. Nc3 a5 10. b5 Nbd7 11. O-O Kh8 12. Rac1 Rb8 13. c5 dxc5 14. Na4 b6 15. dxc5
bxc5 16. Ne5 Nxe5 17. Bxe5 Bb7 18. Bxb7 Rxb7 19. Nxc5 Rb6 20. Na6 Nd5 21. Bxc7
Rxa6 22. bxa6 Nxc7 23. Qb7 Nd5 24. Rc8 Rxc8 25. Qxc8+ Bf8 26. a7 Nb6 27. Qb8
Qb4 28. a3 1-0

[Event "Washington Open"]
[Site "Lynnwood, WA"]
[Date "2017.05.29"]
[Round "5"]
[White "Feng, Roland"]
[Black "Orlov, Georgi"]
[Result "0-1"]
[WhiteElo "2465"]
[BlackElo "2528"]
[PlyCount "100"]
[EventDate "2017.05.27"]
[EventType "swiss"]
[EventRounds "6"]
[EventCountry "USA"]

1. d4 Nf6 2. c4 e6 3. Nc3 Bb4 4. Qc2 Nc6 5. Nf3 d6 6. a3 Bxc3+ 7. Qxc3 O-O 8.
b4 Re8 9. e3 e5 10. dxe5 Nxe5 11. Nxe5 dxe5 12. Bb2 a5 13. Bd3 Ng4 14. h3 Qh4
15. g3 Qh6 16. b5 a4 17. Be4 Nf6 18. Bg2 Qg6 19. O-O Bf5 20. Rad1 Bc2 21. Rd2
Bb3 22. Qb4 Ne4 23. Rd7 c5 24. bxc6 bxc6 25. c5 Bd5 26. Rb7 Rad8 27. h4 h5 28.
Kh2 Nd2 29. Qxd2 Bxg2 30. Rd7 Qe6 31. Kxg2 Rxd7 32. Qb4 Qb3 33. Bc3 Rd3 34. Rc1
f6 35. Be1 Qd5+ 36. e4 Qb3 37. Qa5 Qb2 38. Rc4 Qe2 39. Rxa4 Rd4 40. Rxd4 exd4
41. Bd2 Qxe4+ 42. Kg1 Rb8 43. Bb4 Qd5 44. Qc7 Re8 45. a4 Re2 46. Qa5 d3 47. Bd2
Qf3 48. Be3 d2 49. Qd8+ Kh7 50. Qd3+ f5 0-1

[Event "Washington Open"]
[Site "Lynnwood, WA"]
[Date "2017.05.29"]
[Round "6"]
[White "Perez, Ignacio"]
[Black "Feng, Roland"]
[Result "0-1"]
[WhiteElo "2233"]
[BlackElo "2465"]
[PlyCount "110"]
[EventDate "2017.05.27"]
[EventType "swiss"]
[EventRounds "6"]
[EventCountry "USA"]

1. d4 Nf6 2. c4 e6 3. a3 b6 4. Nc3 Bb7 5. Nf3 d5 6. e3 Nbd7 7. Bd3 Be7 8. O-O
O-O 9. b4 c5 10. bxc5 bxc5 11. cxd5 exd5 12. Rb1 Qc8 13. Bf5 g6 14. Bh3 Qc7 15.
dxc5 Nxc5 16. Nb5 Qd8 17. Bb2 Nfe4 18. Ne5 Bf6 19. f4 a6 20. Nd4 Bc8 21. Bxc8
Rxc8 22. Ng4 Bg7 23. f5 Nd7 24. Ba1 Nc3 25. Bxc3 Rxc3 26. Rb7 h5 27. fxg6 fxg6
28. Rxf8+ Nxf8 29. Qf3 Rc1+ 30. Kf2 Rc7 31. Nc6 Qh4+ 32. g3 Rxb7 33. gxh4 Rf7
34. Ne7+ Rxe7 35. Qxd5+ Rf7+ 36. Ke2 hxg4 37. Qc4 a5 38. Qd5 Nd7 39. Qxa5 Ne5
40. a4 Kh7 41. Qa8 Rc7 42. a5 Rc2+ 43. Kd1 Rxh2 44. a6 g3 45. a7 Ra2 46. h5
Rxa7 47. hxg6+ Kxg6 48. Qxa7 g2 49. Qb6+ Kh5 50. e4 Nf3 51. Qa5+ Kh4 52. Ke2
g1=Q 53. Kxf3 Qd1+ 54. Kf4 Bh6+ 55. Ke5 Qh5+ 0-1

[Event "Washington Open"]
[Site "Lynnwood, WA"]
[Date "2017.05.29"]
[Round "6"]
[White "Ackerman, Ryan S"]
[Black "Velea, Anne-Marie"]
[Result "1-0"]
[WhiteElo "1949"]
[BlackElo "1768"]
[PlyCount "117"]
[EventDate "2017.05.27"]
[EventType "swiss"]
[EventRounds "6"]
[EventCountry "USA"]

1. d4 d5 2. c4 e6 3. Nc3 Nf6 4. cxd5 exd5 5. Bg5 Be7 6. Qc2 O-O 7. e3 Nbd7 8.
Bd3 b6 9. Nge2 Bb7 10. O-O c5 11. a4 Re8 12. Ng3 g6 13. f4 c4 14. Be2 Kg7 15.
f5 h6 16. fxg6 hxg5 17. gxf7 Rh8 18. Qf5 Rh7 19. Qxg5+ Kh8 20. Nf5 Rxf7 21. Nh6
Rh7 22. Bh5 Ng8 23. Qxg8+ Qxg8 24. Nxg8 Rxg8 25. Bf3 Nf6 26. a5 Bd6 27. g3 Ng4
28. Bxg4 Rxg4 29. a6 Bc6 30. Rf5 Bb4 31. Nxd5 Bxd5 32. Rxd5 Re7 33. Ra4 Bd2 34.
Rxc4 Bxe3+ 35. Kg2 Rg5 36. Rxg5 Bxg5 37. h4 Bf6 38. Kf3 Kg7 39. Kf4 Kg6 40. b3
Re1 41. Rc7 Re7 42. Rc6 Rd7 43. h5+ Kf7 44. Kf5 Bxd4 45. g4 Be3 46. h6 b5 47.
Rf6+ Ke7 48. Re6+ Kf7 49. Rxe3 Rd5+ 50. Re5 Rd6 51. Rxb5 Rxa6 52. g5 Ra3 53.
Rb7+ Kg8 54. g6 Kf8 55. h7 Ra5+ 56. Kf6 Ra6+ 57. Kg5 Ra5+ 58. Kh6 a6 59. h8=Q#
1-0

[Event "Washington Open (Reserve)"]
[Site "Lynnwood, WA"]
[Date "2017.05.27"]
[Round "2"]
[White "Jiang, Brandon"]
[Black "Yan, Jeffrey"]
[Result "1-0"]
[WhiteElo "1578"]
[BlackElo "1776"]
[PlyCount "39"]
[EventDate "2017.05.27"]
[EventRounds "6"]
[EventCountry "USA"]

1. e4 e6 2. d4 d5 3. Nc3 Bb4 4. exd5 exd5 5. Bd3 Nc6 6. Nge2 Nf6 7. O-O O-O 8.
a3 Bd6 9. Bg5 Be6 10. f4 Be7 11. f5 Bc8 12. b4 Ng4 13. Bxe7 Qxe7 14. Nxd5 Qd6
15. Nef4 Nh6 16. f6 Bg4 17. Qd2 gxf6 18. Nh5 f5 19. Nhf6+ Kh8 20. Qxh6 1-0

[Event "Washington Open (Reserve)"]
[Site "Lynnwood, WA"]
[Date "2017.05.29"]
[Round "5"]
[White "Cross, Jason"]
[Black "Christy, John"]
[Result "0-1"]
[WhiteElo "1658"]
[BlackElo "1451"]
[PlyCount "124"]
[EventDate "2017.05.27"]
[EventRounds "6"]
[EventCountry "USA"]

1. c4 e5 2. g3 Nf6 3. Bg2 Nc6 4. Nf3 Bc5 5. O-O O-O 6. Nc3 d6 7. a3 a5 8. Rb1
Be6 9. d3 Qc8 10. Ng5 Bd7 11. Nd5 Nxd5 12. cxd5 Ne7 13. e4 Bg4 14. Qc2 h6 15.
Nf3 Bh3 16. Be3 Bxg2 17. Kxg2 Bxe3 18. fxe3 Qd7 19. Rbc1 Rac8 20. Qb3 c5 21.
Nd2 b5 22. Qd1 Kh8 23. Qh5 Ng8 24. Rf3 Nf6 25. Rxf6 gxf6 26. Qxh6+ Kg8 27. Rf1
f5 28. Qg5+ Kh7 29. Qh5+ Kg8 30. Qg5+ Kh7 31. Rxf5 f6 32. Qh5+ Kg8 33. Qh3 Rf7
34. Qg4+ Rg7 35. Qf3 Rf8 36. h4 Qf7 37. Nf1 Rg6 38. Nh2 Qg7 39. Kh3 Kf7 40. Ng4
Rg8 41. Rg5 Rxg5 42. hxg5 Qxg5 43. Qf5 Qxf5 44. exf5 Rh8+ 45. Kg2 a4 46. Nf2 b4
47. Ne4 Ke7 48. Nd2 Rb8 49. Nc4 bxa3 50. bxa3 Rb3 51. Kf3 Rxd3 52. Ke4 Rb3 53.
g4 Rc3 54. Nb6 Rxa3 55. Nc8+ Kd7 56. Nb6+ Kc7 57. Nc4 Rc3 58. Nd2 a3 59. Nb1
Rb3 60. Nxa3 Rxa3 61. g5 fxg5 62. f6 Ra8 0-1

[Event "Idaho Scholastic Champion of Champions"]
[Site "Boise, ID"]
[Date "2017.05.27"]
[Round "2.1"]
[White "Li, Bryan"]
[Black "Zeng, Forrest"]
[Result "0-1"]
[WhiteElo "1564"]
[BlackElo "1115"]
[PlyCount "102"]
[EventDate "2017.05.27"]
[EventRounds "5"]
[EventCountry "USA"]

1. e4 c5 2. Nf3 d6 3. d4 cxd4 4. Nxd4 Nf6 5. Nc3 a6 6. Be2 e5 7. Nb3 Be6 8. Be3
Be7 9. O-O O-O 10. Qd2 d5 11. exd5 Nxd5 12. Nxd5 Qxd5 13. Qxd5 Bxd5 14. Rad1
Bc6 15. a3 Nd7 16. h3 Rad8 17. Rd2 Bf6 18. Rfd1 e4 19. Nd4 Ne5 20. Nxc6 Nxc6
21. Rxd8 Rxd8 22. Rxd8+ Nxd8 23. b3 Ne6 24. Kh2 Bd4 25. Bxd4 Nxd4 26. Bd1 f5
27. Kg3 Kf7 28. Kf4 Kf6 29. a4 g5+ 30. Ke3 Ne6 31. Ke2 f4 32. g3 f3+ 33. Ke3
Ke5 34. c3 h5 35. g4 hxg4 36. hxg4 Nf4 37. Bc2 Nd5+ 38. Kd2 Nf6 39. Ke1 Nxg4
40. Kf1 e3 41. fxe3 Nxe3+ 42. Kf2 Nxc2 43. Kxf3 Kf5 44. Kg2 Kg4 45. Kg1 Kg3 46.
Kh1 Kf2 47. Kh2 g4 48. Kh1 g3 49. b4 g2+ 50. Kh2 g1=Q+ 51. Kh3 Qg3# 0-1

[Event "Idaho Scholastic Champion of Champions"]
[Site "Boise, ID"]
[Date "2017.05.27"]
[Round "2.2"]
[White "Machakos, Seth Daniel"]
[Black "Xu, Kevin"]
[Result "1-0"]
[WhiteElo "1279"]
[BlackElo "1664"]
[PlyCount "71"]
[EventDate "2017.05.27"]
[EventRounds "5"]
[EventCountry "USA"]

1. e4 d5 2. exd5 Qxd5 3. Nc3 Qd6 4. d4 Nf6 5. Nf3 c6 6. h3 Bf5 7. Be3 e6 8. g4
Bg6 9. Ne5 Be7 10. Qd2 Ne4 11. Nxe4 Bxe4 12. Rg1 Qd8 13. f3 Bg6 14. Nxg6 hxg6
15. O-O-O Nd7 16. Kb1 Nb6 17. f4 Nd5 18. f5 Nxe3 19. Qxe3 exf5 20. gxf5 gxf5
21. Rxg7 Kf8 22. Rg2 c5 23. Qe5 Rg8 24. Rxg8+ Kxg8 25. Bb5 Bf6 26. Rg1+ Kh8 27.
Qxf5 Bg7 28. Qh5+ Kg8 29. Bc4 Qe7 30. Qg4 Qf6 31. Rf1 Qe7 32. Bxf7+ Kf8 33.
Be6+ Ke8 34. Qg6+ Kd8 35. Rf7 Qh4 36. Rd7+ 1-0

[Event "Scholastic Ch of Ch Extra Rated Game"]
[Site "Boise, ID"]
[Date "2017.05.27"]
[Round "2.3"]
[White "Roland, Jeffrey T"]
[Black "Porth, Dylan"]
[Result "1-0"]
[WhiteElo "1763"]
[BlackElo "1173"]
[PlyCount "123"]
[EventDate "2017.05.27"]
[EventRounds "5"]
[EventCountry "USA"]

1. d4 e6 2. c4 d5 3. Nc3 Nf6 4. Bg5 Bb4 5. e3 c5 6. a3 Bxc3+ 7. bxc3 Nbd7 8.
cxd5 exd5 9. Nf3 Qa5 10. Qb3 Ne4 11. Rc1 O-O 12. Be2 Nb6 13. O-O Bg4 14. h3
Bxf3 15. Bxf3 Nd2 16. Qc2 Nxf1 17. Rxf1 Qxa3 18. Be7 Rfc8 19. Bxc5 Qa4 20. Qf5
Qd7 21. Qf4 Rc6 22. Ra1 Rf6 23. Qh2 Na4 24. Bb4 Rc8 25. Bg4 Qc6 26. Bxc8 Qxc8
27. Rxa4 a6 28. Qe5 Rf5 29. Qd6 h6 30. Ra5 Qe6 31. Qb8+ Kh7 32. Qxb7 Rf6 33.
Qxd5 Qxd5 34. Rxd5 Kg6 35. Rd6 Rxd6 36. Bxd6 Kf6 37. Bb4 Ke6 38. Kf1 Kd5 39.
Ke2 Kc4 40. Kd2 Kb5 41. Bf8 a5 42. Kc2 Kc4 43. Bxg7 h5 44. e4 a4 45. Bf8 Kb5
46. Kd3 Kc6 47. Kc4 Kb6 48. Kb4 a3 49. Kxa3 Kc6 50. Kb4 Kd7 51. c4 Ke8 52. Bh6
h4 53. Kb5 Kd7 54. Kb6 Kc8 55. c5 f6 56. d5 f5 57. exf5 Kd7 58. c6+ Kc8 59. d6
Kd8 60. Bg5+ Kc8 61. d7+ Kb8 62. d8=Q# 1-0

[Event "Seattle Masters 8"]
[Site "Seattle, WA"]
[Date "2017.06.03"]
[Round "1"]
[White "Collyer, Curt"]
[Black "Raptis, Nick"]
[Result "1-0"]
[WhiteElo "2305"]
[BlackElo "2419"]
[PlyCount "55"]
[EventDate "2017.06.03"]
[EventType "swiss"]
[EventRounds "3"]
[EventCountry "USA"]

1. d4 g6 2. e4 Bg7 3. Nc3 d6 4. Bg5 Nf6 5. f4 O-O 6. Qd2 c6 7. Nf3 d5 8. e5 Ne4
9. Nxe4 dxe4 10. Ng1 Be6 11. O-O-O f6 12. Bh4 Nd7 13. Nh3 b5 14. Nf2 f5 15. g4
Nb6 16. gxf5 gxf5 17. Bh3 Qd5 18. b3 Rf7 19. Rhg1 a5 20. Nxe4 fxe4 21. f5 Bxf5
22. Bxf5 Rxf5 23. Qh6 Qf7 24. Qxc6 Rb8 25. Qc7 Qf8 26. Rxg7+ Kxg7 27. Bxe7 Qc8
28. Bf6+ 1-0

[Event "Chicago Open"]
[Site "Chicago, IL"]
[Date "2017.05.28"]
[Round "6"]
[White "Chandra, Akshat"]
[Black "Grabinsky, Aaron"]
[Result "0-1"]
[WhiteElo "2580"]
[BlackElo "2406"]
[PlyCount "168"]
[EventDate "2017.05.25"]
[EventType "swiss"]
[EventRounds "9"]
[EventCountry "USA"]

1. d4 Nf6 2. c4 e6 3. Nf3 Bb4+ 4. Bd2 Qe7 5. g3 Bxd2+ 6. Qxd2 Nc6 7. b3 d5 8.
Bg2 Qb4 9. O-O Qxd2 10. Nbxd2 O-O 11. e3 Rd8 12. Rfc1 Bd7 13. Ne5 Be8 14. Nd3
Rab8 15. Rc2 Ne7 16. cxd5 Nexd5 17. Rac1 c6 18. h3 h6 19. Kf1 Kf8 20. Ke2 Ne7
21. g4 g5 22. f4 gxf4 23. Nxf4 Ned5 24. Nd3 Ne7 25. Rf1 Kg7 26. Rcc1 Ng6 27.
Rf2 Rbc8 28. Rcf1 Nd5 29. Rc1 Nf6 30. Nc4 Rc7 31. a4 Nd5 32. a5 Nde7 33. Nc5
Nd5 34. Nd3 Nde7 35. Bh1 Nd5 36. Rff1 Nf6 37. Rfd1 Nh7 38. Nce5 Nxe5 39. Nxe5
f6 40. Nd3 Nf8 41. Nc5 a6 42. h4 Kf7 43. Rf1 Ke7 44. g5 hxg5 45. hxg5 f5 46.
Bf3 Nd7 47. Rh1 Bf7 48. Rh7 Kf8 49. Nd3 Bg8 50. Rh6 Kg7 51. Nf4 Re8 52. Rg6+
Kf8 53. Rh1 Bf7 54. Rh8+ Ke7 55. Rh7 Nf8 56. Rgg7 Nxh7 57. Rxh7 Kd8 58. g6 Bg8
59. Rh8 e5 60. dxe5 Bc4+ 61. bxc4 Rxh8 62. Ne6+ Kc8 63. Nxc7 Kxc7 64. e4 fxe4
65. Bxe4 Rh5 66. Kf3 Rxe5 67. Kf4 Re7 68. c5 Kd8 69. Kf5 Ke8 70. Bd3 Re3 71.
Bc4 Kf8 72. Kf6 Rf3+ 73. Ke5 Kg7 74. Kd6 Ra3 75. Be6 Rxa5 76. Bf5 Rb5 77. Bd3
Rb3 78. Bc4 Rb4 79. Bf7 a5 80. Kc7 a4 81. Kd6 a3 82. Kc7 Rb2 83. Kc8 b6 84.
cxb6 Rxb6 0-1

[Event "Chicago Open"]
[Site "Chicago, IL"]
[Date "2017.05.29"]
[Round "9"]
[White "Gurevich, Daniel"]
[Black "Grabinsky, Aaron"]
[Result "1-0"]
[WhiteElo "2539"]
[BlackElo "2406"]
[PlyCount "133"]
[EventDate "2017.05.25"]
[EventType "swiss"]
[EventRounds "9"]
[EventCountry "USA"]

1. e4 c6 2. d4 d5 3. e5 Bf5 4. h4 h5 5. Bd3 Bxd3 6. Qxd3 e6 7. Bg5 Be7 8. Nf3
Nd7 9. Nc3 Nh6 10. Ne2 Qa5+ 11. c3 Qb5 12. Qc2 Nf5 13. Ng3 g6 14. b3 Rc8 15.
Nxf5 gxf5 16. c4 Qa5+ 17. Ke2 Rg8 18. Rhe1 Bb4 19. Rec1 Ba3 20. Rd1 Qa6 21. Qd3
Be7 22. Kf1 Nb6 23. Rac1 Bxg5 24. Nxg5 Ke7 25. Kg1 Rgd8 26. Qe2 Rh8 27. Rd2 Qa3
28. Rdc2 Qb4 29. Rc3 Rcd8 30. Qe3 Rhg8 31. c5 Nd7 32. Ra1 a5 33. a3 Qb5 34. Qd2
Rc8 35. Rac1 Rg7 36. Rg3 Rcg8 37. Rcc3 Qa6 38. Qd1 Rh8 39. Rcf3 Nf8 40. Qd2 Qa8
41. Ne4 Rxg3 42. Nxg3 Qd8 43. b4 a4 44. Ne2 Ng6 45. g3 Kd7 46. b5 Rg8 47. Kf1
Ke8 48. Nc3 f4 49. bxc6 bxc6 50. Nxa4 fxg3 51. fxg3 Ne7 52. Nc3 Qa5 53. Qb2 Kf8
54. Qb6 Qa8 55. Ne2 Nf5 56. Kf2 Kg7 57. Qb4 Kh7 58. Rb3 Rg4 59. Qb8 Qa5 60. Qb4
Qa6 61. Qb7 Qc4 62. Qxf7+ Ng7 63. Rb7 Kh6 64. Rb8 Kh7 65. Qg8+ Kh6 66. Qh8+ Kg6
67. Rf8 1-0